| 000 | 00952cam a2200205 4500 | ||
|---|---|---|---|
| 001 | WB3824-18 | ||
| 008 | 020704n2002 000 0 eng u | ||
| 035 | _a(Sirsi) u118679 | ||
| 245 | _aMineral planning research | ||
| 260 | _c2002 | ||
| 490 |
_aScottish Executive Press Release _v4 July 2002, (2) |
||
| 520 | _aResearch commissioned by the Scottish Executive and carried out by Land Use Consultants concludes that the current mineral planning guidance for Scotland, "NPPG4: land for mineral working", is generally well received and should continue in its present form. Executive summary of the report available free of charge from the Scottish Executive Central Research Unit, t +44(0)131 244 7560. http://www.scotland.gov.uk/pages/news/2002/07/SEsj037.aspx | ||
| 590 | _aWB | ||
| 650 | _aSCOTLAND | ||
| 650 | _aMINERAL PLANNING | ||
| 650 | _aNPPG4 | ||
| 650 | _aMINERAL PLANNING GUIDANCE | ||
| 690 | _aMINING AND MINERALS | ||
| 942 | _n0 | ||
| 999 |
_c70678 _d70678 |
||